Report of the first National Seminar: education Of Primary Teachers in India (Record no. 494539)

000 -LEADER
fixed length control field 00372cam a22001097a 4500
008 - FIXED-LENGTH DATA ELEMENTS--GENERAL INFORMATION
fixed length control field 180718b1960 xxu||||| |||| 00| 0 eng d
082 ## - DEWEY DECIMAL CLASSIFICATION NUMBER
Classification number P1108x54 In2p
245 ## - TITLE STATEMENT
Title Report of the first National Seminar: education Of Primary Teachers in India
Statement of responsibility, etc. by Ministry of Education
260 ## - PUBLICATION, DISTRIBUTION, ETC.
Place of publication, distribution, etc. New Delhi
Name of publisher, distributor, etc. Vigyan Bhawan
Date of publication, distribution, etc. 1960
300 ## - PHYSICAL DESCRIPTION
Extent 262p.
700 ## - ADDED ENTRY--PERSONAL NAME
Personal name India. Ministry of Education
Holdings
Withdrawn status Lost status Damaged status Not for loan Permanent Location Current Location Date acquired Full call number Barcode Date last seen Price effective from Koha item type
        Indian Institute of Public Administration Indian Institute of Public Administration 2018-08-04 P1108x54 In2p G618 2018-08-04 2018-08-04 G

Powered by Koha